Kitāb al-mukhaṣṣaṣ, (Record no. 48993)

MARC details
000 -LEADER
fixed length control field 00952cam a22002651 4500
001 - CONTROL NUMBER
control field ne 66001247
003 - CONTROL NUMBER IDENTIFIER
control field DLC
005 - DATE AND TIME OF LATEST TRANSACTION
control field 20260227111824.0
008 - FIXED-LENGTH DATA ELEMENTS--GENERAL INFORMATION
fixed length control field 900413r19651898le d 000 0 ara
010 ## - LIBRARY OF CONGRESS CONTROL NUMBER
LC control number ne 66001247
025 ## - OVERSEAS ACQUISITION NUMBER
Overseas acquisition number PL480:UAR-7182
035 ## - SYSTEM CONTROL NUMBER
System control number (OCoLC)21370478
040 ## - CATALOGING SOURCE
Original cataloging agency DLC
Transcribing agency WaU
Modifying agency WaU
-- DLC
042 ## - AUTHENTICATION CODE
Authentication code premarc
050 00 - LIBRARY OF CONGRESS CALL NUMBER
Classification number PJ6620
Item number .I22
100 2# - MAIN ENTRY--PERSONAL NAME
Personal name Ibn Sīdah, ʻAlī ibn Ismāʻīl,
Dates associated with a name 1007-1066.
245 10 - TITLE STATEMENT
Title Kitāb al-mukhaṣṣaṣ,
Statement of responsibility, etc. taʼlīf Abī al-Ḥasan ʻAlī ibn Ismāʻīl al-Naḥwī al-Lughawī al-Andalusī al-maʻrūf bi-Ibn Sīdah.
260 ## - PUBLICATION, DISTRIBUTION, ETC.
Place of publication, distribution, etc. Bayrūt,
Name of publisher, distributor, etc. al-Maktab al-Tijārī li-Ṭibāʻah wa-al-Tawzīʻ wa-al-Nashr
Date of publication, distribution, etc. [1965]
300 ## - PHYSICAL DESCRIPTION
Extent 17 v. in 5.
Dimensions 28 cm.
500 ## - GENERAL NOTE
General note Added t. p.: al-Muḫaṣṣaṣ [by] Ibn Sīdah.
500 ## - GENERAL NOTE
General note Reprint of the 1316-21 ed.
650 #0 - SUBJECT ADDED ENTRY--TOPICAL TERM
Topical term or geographic name entry element Arabic language
Form subdivision Dictionaries.
700 1# - ADDED ENTRY--PERSONAL NAME
Personal name Hārūn, ʻAbd al-Salām Muḥammad.
740 0# - ADDED ENTRY--UNCONTROLLED RELATED/ANALYTICAL TITLE
Uncontrolled related/analytical title Mukhaṣṣaṣ.

No items available.

Powered by Koha